Intellectual property rights, development, and catch up : (Record no. 51506)

MARC details
000 -LEADER
fixed length control field 00765nam a2200253Ia 4500
005 - DATE AND TIME OF LATEST TRANSACTION
control field 20260429111932.0
008 - FIXED-LENGTH DATA ELEMENTS--GENERAL INFORMATION
fixed length control field 260429s9999||||xx |||||||||||||| ||und||
020 ## - INTERNATIONAL STANDARD BOOK NUMBER
International Standard Book Number 9780199639632
041 ## - LANGUAGE CODE
Language English
082 ## - DEWEY DECIMAL CLASSIFICATION NUMBER
Classification number 346.048
Item number ODA
100 ## - MAIN ENTRY--PERSONAL NAME
Personal name Odagiri, Hiroyuki
245 #0 - TITLE STATEMENT
Title Intellectual property rights, development, and catch up :
Remainder of title an international comparative study /
Statement of responsibility, etc Hiroyuki Odagiri
250 ## - EDITION STATEMENT
Edition statement 1st ed.
260 ## - PUBLICATION, DISTRIBUTION, ETC. (IMPRINT)
Place of publication, distribution, etc New York :
Name of publisher, distributor, etc Oxford University Press,
Date of publication, distribution, etc 2010.
300 ## - PHYSICAL DESCRIPTION
Extent xii, 451 p.; pbk
650 ## - SUBJECT ADDED ENTRY--TOPICAL TERM
Topical term or geographic name as entry element Comparative law
650 ## - SUBJECT ADDED ENTRY--TOPICAL TERM
Topical term or geographic name as entry element Economic development
650 ## - SUBJECT ADDED ENTRY--TOPICAL TERM
Topical term or geographic name as entry element Patent law
650 ## - SUBJECT ADDED ENTRY--TOPICAL TERM
Topical term or geographic name as entry element Intellectual property rights
700 ## - ADDED ENTRY--PERSONAL NAME
Personal name Goto, Akira
700 ## - ADDED ENTRY--PERSONAL NAME
Personal name Nelson, Richard R.
700 ## - ADDED ENTRY--PERSONAL NAME
Personal name Sunami, Atsushi
942 ## - ADDED ENTRY ELEMENTS (KOHA)
Koha item type Text Books
Holdings
Withdrawn status Lost status Damaged status Not for loan Collection code Home library Location Shelving location Date of Cataloging Source of acquisition Total Checkouts Full call number Barcode Date last seen Price effective from Koha item type
        Non-fiction CUTN Central Library CUTN Central Library Social Sciences 29/04/2026 T R Publications, Chennai - Invoice No. TRPHO/2025/CRB/185 on 09-02-2026   346.048 ODA 56525 29/04/2026 29/04/2026 Text Books